<?xml version="1.0" encoding="UTF-8"?>
<record
    xmlns:xsi="http://www.w3.org/2001/XMLSchema-instance"
    xsi:schemaLocation="http://www.loc.gov/MARC21/slim http://www.loc.gov/standards/marcxml/schema/MARC21slim.xsd"
    xmlns="http://www.loc.gov/MARC21/slim">

  <leader>00369nam a22001577a 4500</leader>
  <controlfield tag="003">OSt</controlfield>
  <controlfield tag="005">20250303174143.0</controlfield>
  <controlfield tag="008">250303b        |||||||| |||| 00| 0 eng d</controlfield>
  <datafield tag="020" ind1=" " ind2=" ">
    <subfield code="a">9789364443012</subfield>
  </datafield>
  <datafield tag="040" ind1=" " ind2=" ">
    <subfield code="c">IIMT UNIVERSITY</subfield>
  </datafield>
  <datafield tag="100" ind1=" " ind2=" ">
    <subfield code="a">E Balagurusamy</subfield>
  </datafield>
  <datafield tag="245" ind1=" " ind2=" ">
    <subfield code="a">Data Structures Using C</subfield>
  </datafield>
  <datafield tag="260" ind1=" " ind2=" ">
    <subfield code="a">New Delhi</subfield>
    <subfield code="b">McGraw Hill</subfield>
  </datafield>
  <datafield tag="300" ind1=" " ind2=" ">
    <subfield code="a">422</subfield>
  </datafield>
  <datafield tag="942" ind1=" " ind2=" ">
    <subfield code="2">ddc</subfield>
    <subfield code="c">02</subfield>
  </datafield>
  <datafield tag="999" ind1=" " ind2=" ">
    <subfield code="c">65287</subfield>
    <subfield code="d">65287</subfield>
  </datafield>
  <datafield tag="952" ind1=" " ind2=" ">
    <subfield code="0">0</subfield>
    <subfield code="1">0</subfield>
    <subfield code="2">ddc</subfield>
    <subfield code="4">0</subfield>
    <subfield code="7">0</subfield>
    <subfield code="a">01</subfield>
    <subfield code="b">01</subfield>
    <subfield code="d">2025-03-03</subfield>
    <subfield code="e">Savera</subfield>
    <subfield code="g">695.00</subfield>
    <subfield code="i">24-25/CRB/948,,28-02-2025</subfield>
    <subfield code="p">01-B-143868</subfield>
    <subfield code="r">2025-03-03</subfield>
    <subfield code="u">DATA STRUCTURE</subfield>
    <subfield code="w">2025-03-03</subfield>
    <subfield code="y">02</subfield>
  </datafield>
  <datafield tag="952" ind1=" " ind2=" ">
    <subfield code="0">0</subfield>
    <subfield code="1">0</subfield>
    <subfield code="2">ddc</subfield>
    <subfield code="4">0</subfield>
    <subfield code="7">0</subfield>
    <subfield code="a">01</subfield>
    <subfield code="b">01</subfield>
    <subfield code="d">2025-03-03</subfield>
    <subfield code="e">Savera</subfield>
    <subfield code="g">695.00</subfield>
    <subfield code="i">24-25/CRB/948,,28-02-2025</subfield>
    <subfield code="l">2</subfield>
    <subfield code="p">01-B-143869</subfield>
    <subfield code="q">2026-07-31</subfield>
    <subfield code="r">2026-03-31</subfield>
    <subfield code="s">2026-03-31</subfield>
    <subfield code="u">DATA STRUCTURE</subfield>
    <subfield code="w">2025-03-03</subfield>
    <subfield code="y">02</subfield>
  </datafield>
  <datafield tag="952" ind1=" " ind2=" ">
    <subfield code="0">0</subfield>
    <subfield code="1">0</subfield>
    <subfield code="2">ddc</subfield>
    <subfield code="4">0</subfield>
    <subfield code="7">0</subfield>
    <subfield code="a">01</subfield>
    <subfield code="b">01</subfield>
    <subfield code="d">2025-03-03</subfield>
    <subfield code="e">Savera</subfield>
    <subfield code="g">695.00</subfield>
    <subfield code="i">24-25/CRB/948,,28-02-2025</subfield>
    <subfield code="l">1</subfield>
    <subfield code="p">01-B-143870</subfield>
    <subfield code="q">2026-07-31</subfield>
    <subfield code="r">2026-03-31</subfield>
    <subfield code="s">2026-03-31</subfield>
    <subfield code="u">DATA STRUCTURE</subfield>
    <subfield code="w">2025-03-03</subfield>
    <subfield code="y">02</subfield>
  </datafield>
  <datafield tag="952" ind1=" " ind2=" ">
    <subfield code="0">0</subfield>
    <subfield code="1">0</subfield>
    <subfield code="2">ddc</subfield>
    <subfield code="4">0</subfield>
    <subfield code="7">0</subfield>
    <subfield code="a">01</subfield>
    <subfield code="b">01</subfield>
    <subfield code="d">2025-03-03</subfield>
    <subfield code="e">Savera</subfield>
    <subfield code="g">695.00</subfield>
    <subfield code="i">24-25/CRB/948,,28-02-2025</subfield>
    <subfield code="p">01-B-143871</subfield>
    <subfield code="r">2025-03-03</subfield>
    <subfield code="u">DATA STRUCTURE</subfield>
    <subfield code="w">2025-03-03</subfield>
    <subfield code="y">02</subfield>
  </datafield>
  <datafield tag="952" ind1=" " ind2=" ">
    <subfield code="0">0</subfield>
    <subfield code="1">0</subfield>
    <subfield code="2">ddc</subfield>
    <subfield code="4">0</subfield>
    <subfield code="7">0</subfield>
    <subfield code="a">01</subfield>
    <subfield code="b">01</subfield>
    <subfield code="d">2025-03-03</subfield>
    <subfield code="e">Savera</subfield>
    <subfield code="g">695.00</subfield>
    <subfield code="i">24-25/CRB/948,,28-02-2025</subfield>
    <subfield code="p">01-B-143872</subfield>
    <subfield code="r">2025-03-03</subfield>
    <subfield code="u">DATA STRUCTURE</subfield>
    <subfield code="w">2025-03-03</subfield>
    <subfield code="y">02</subfield>
  </datafield>
</record>
